| 000 | 00000nam##2200000za#4500 |
| 001 | 9.610266 |
| 003 | CaOODSP |
| 005 | 20200327115703 |
| 007 | ta |
| 008 | 150406|1992||||xxc||||| f|0| 0 eng|d |
| 022 | |a0706-6457 |
| 040 | |aCaOODSP|beng |
| 043 | |an-cn--- |
| 086 | 1 |aFs97-6/1894E |
| 110 | 1 |aCanada. |bDepartment of Fisheries and Oceans. |
| 245 | 12|aA comparison of freshwater zooplankton sampling gear: nets, traps and submersible pump / |cby Ora E. Johannsson et al. |
| 260 | |aOttawa - Ontario : |bFisheries and Oceans Canada |c1992. |
| 300 | |a29p. : |bfigs., graphs, references, tables ; |c28 cm. |
| 490 | 1 |aCanadian technical report of fisheries and aquatic sciences|x0706-6457|v1894 |
| 500 | |aPrepared in the Great Lakes Laboratory for Fisheries and Aquatic Sciences, Canada Centre for Inland Waters, Burlington, Ontario L7R 4A6. |
| 546 | |aRésumés en français |
| 563 | |aSoftcover |
| 690 | 07|aFisheries technology|2gcpds |
| 720 | 1 |aJohannsson, Ora E. |
| 776 | 0#|tA comparison of freshwater zooplankton sampling gear : |w(CaOODSP)9.573846 |
| 830 | #0|aCanadian technical report of fisheries and aquatic sciences,|x0706-6457|v1894|w(CaOODSP)9.514691 |